MARC

LEADER 00000nam0a2200000 4500
001 290136
005 20231102000245.0
035 |a (RuTPU)RU\TPU\book\314666 
090 |a 290136 
100 |a 20150403d1973 k y0rusy50 ca 
101 0 |a rus 
102 |a RU 
105 |a a z 001zy 
200 1 |a Теоретические основы инженерного прогнозирования  |f В. Г. Гмошинский, Г. И. Флиорент 
210 |a Москва  |c Наука  |d 1973 
215 |a 304 с.  |c ил. 
320 |a Библиогр.: с. 295-300. 
320 |a Словарь терминов: с. 301-303. 
606 1 |a Инженерное дело  |2 stltpush  |3 (RuTPU)RU\TPU\subj\12589  |9 39351 
610 1 |a информационные источники 
610 1 |a инженерное прогнозирование 
610 1 |a периоды 
610 1 |a верификация 
610 1 |a промышленное производство 
610 1 |a оценка точности 
675 |a 62  |v 3 
700 1 |a Гмошинский  |b В. Г.  |g Всеволод Георгиевич 
701 1 |a Флиорент  |b Г. И.  |g Григорий Исаакович 
801 1 |a RU  |b 63413507  |c 20150403 
801 2 |a RU  |b 63413507  |c 20150522  |g RCR 
942 |c BK